000 00563nam a2200169 i 4500
001 52828
003 ES-MaACL
005 20230906162643.0
007 t|
008 030905s1911 xxk ||||1| eng d
100 1 _aDefoe, Daniel.
_943204
245 1 2 _aA journal of the plague year /
_cwritten by a citizen who continued all the while in London ; [introducción by G.A. Aitken].
260 _aLondon :
_b[s.n.,
_c1911] (
_eLetchworth :
_fThe Temple Press)
300 _aXV, 303 p. ;
_c18 cm.
700 1 _aAitken, George A.
_9125569
852 _aES-MaACL
_jG-14668
999 _c52828
_d52828